00265nam a22000977a 4500008004100000041000800041080001500049100000700064101000800071245008800079181023b xxu||||| |||| 00| 0 eng d aeng 25 EDa510 a39 aMAT aTan Applied Mathematics fOR tHE Managerial Life And social SciencescJames.d